<?xml version="1.0" encoding="UTF-8"?>
<record
    xmlns:xsi="http://www.w3.org/2001/XMLSchema-instance"
    xsi:schemaLocation="http://www.loc.gov/MARC21/slim http://www.loc.gov/standards/marcxml/schema/MARC21slim.xsd"
    xmlns="http://www.loc.gov/MARC21/slim">

  <leader>00804nam a2200229 a 4500</leader>
  <controlfield tag="001">39227</controlfield>
  <controlfield tag="003">BD-RjUL</controlfield>
  <controlfield tag="005">20220302160215.0</controlfield>
  <controlfield tag="008">160406s2013    bg ||||e |||| 000 0 ben d</controlfield>
  <datafield tag="020" ind1=" " ind2=" ">
    <subfield code="a">9847000002051</subfield>
  </datafield>
  <datafield tag="035" ind1=" " ind2=" ">
    <subfield code="a">(BD-RjUL) 39339</subfield>
  </datafield>
  <datafield tag="040" ind1=" " ind2=" ">
    <subfield code="a">BD-RjUL</subfield>
    <subfield code="b">ben</subfield>
    <subfield code="c">BD-RjUL</subfield>
  </datafield>
  <datafield tag="041" ind1=" " ind2=" ">
    <subfield code="a">ben</subfield>
  </datafield>
  <datafield tag="082" ind1=" " ind2=" ">
    <subfield code="2">23</subfield>
    <subfield code="a">929.2</subfield>
    <subfield code="b">KHB 2013 </subfield>
  </datafield>
  <datafield tag="100" ind1=" " ind2=" ">
    <subfield code="a">&#x996;&#x9BE;&#x9A8;, &#x986;&#x993;&#x9B2;&#x9BE;&#x9A6; &#x9B9;&#x9B8;&#x9C7;&#x9A8; </subfield>
    <subfield code="9">120965</subfield>
  </datafield>
  <datafield tag="245" ind1="1" ind2="0">
    <subfield code="a">&#x9AC;&#x9BE;&#x999;&#x9BE;&#x9B2;&#x9BF; &#x9AE;&#x9C1;&#x9B8;&#x9B2;&#x9AE;&#x9BE;&#x9A8;&#x9C7;&#x9B0; &#x9AC;&#x982;&#x9B6;&#x9AA;&#x9B0;&#x9BF;&#x99A;&#x9AF;&#x9BC; / </subfield>
    <subfield code="c">&#x986;&#x993;&#x9B2;&#x9BE;&#x9A6; &#x9B9;&#x9B8;&#x9C7;&#x9A8; &#x996;&#x9BE;&#x9A8; </subfield>
  </datafield>
  <datafield tag="260" ind1=" " ind2=" ">
    <subfield code="a">&#x9A2;&#x9BE;&#x995;&#x9BE; : </subfield>
    <subfield code="b">&#x99C;&#x9BE;&#x9A4;&#x9C0;&#x9AF;&#x9BC; &#x9B8;&#x9BE;&#x9B9;&#x9BF;&#x9A4;&#x9CD;&#x9AF; &#x9AA;&#x9CD;&#x9B0;&#x995;&#x9B6;, </subfield>
    <subfield code="c">&#x9E8;&#x9E6;&#x9E7;&#x9E9; </subfield>
  </datafield>
  <datafield tag="300" ind1=" " ind2=" ">
    <subfield code="a">&#x9E7;&#x9E7;&#x9E8; &#x9AA;&#x9C3;. ; </subfield>
    <subfield code="c">&#x9E8;&#x9E8; &#x9B8;&#x9C7;&#x9AE;&#x9BF;. </subfield>
  </datafield>
  <datafield tag="650" ind1=" " ind2=" ">
    <subfield code="a">Genealogy</subfield>
    <subfield code="9">695</subfield>
  </datafield>
  <datafield tag="651" ind1=" " ind2=" ">
    <subfield code="a">&#x9AC;&#x982;&#x9B6;&#x9AA;&#x9B0;&#x9BF;&#x99A;&#x9AF;&#x9BC;</subfield>
    <subfield code="9">1645</subfield>
  </datafield>
  <datafield tag="942" ind1=" " ind2=" ">
    <subfield code="2">ddc</subfield>
    <subfield code="c">BK</subfield>
  </datafield>
  <datafield tag="999" ind1=" " ind2=" ">
    <subfield code="c">39227</subfield>
    <subfield code="d">39227</subfield>
  </datafield>
  <datafield tag="952" ind1=" " ind2=" ">
    <subfield code="0">0</subfield>
    <subfield code="1">0</subfield>
    <subfield code="2">ddc</subfield>
    <subfield code="4">0</subfield>
    <subfield code="7">1</subfield>
    <subfield code="8">NFIC</subfield>
    <subfield code="a">RUCL</subfield>
    <subfield code="b">RUCL</subfield>
    <subfield code="c">Reading</subfield>
    <subfield code="d">2013-07-31</subfield>
    <subfield code="e">Jatiya Shitya Prakash, Dhaka</subfield>
    <subfield code="g">175.00</subfield>
    <subfield code="o">B 929.2 KHB 2013 </subfield>
    <subfield code="r">2016-04-06 00:00:00</subfield>
    <subfield code="t">C-1</subfield>
    <subfield code="y">BK</subfield>
  </datafield>
  <datafield tag="952" ind1=" " ind2=" ">
    <subfield code="0">0</subfield>
    <subfield code="1">0</subfield>
    <subfield code="2">ddc</subfield>
    <subfield code="4">0</subfield>
    <subfield code="7">0</subfield>
    <subfield code="8">NFIC</subfield>
    <subfield code="a">RUCL</subfield>
    <subfield code="b">RUCL</subfield>
    <subfield code="c">GEN</subfield>
    <subfield code="d">2013-07-31</subfield>
    <subfield code="e">Jatiya Shitya Prakash, Dhaka</subfield>
    <subfield code="g">175.00</subfield>
    <subfield code="l">1</subfield>
    <subfield code="o">B 929.2 KHB 2013 </subfield>
    <subfield code="r">2017-10-31 00:00:00</subfield>
    <subfield code="s">2017-09-17</subfield>
    <subfield code="t">C-2</subfield>
    <subfield code="y">BK</subfield>
  </datafield>
  <datafield tag="952" ind1=" " ind2=" ">
    <subfield code="0">0</subfield>
    <subfield code="1">0</subfield>
    <subfield code="2">ddc</subfield>
    <subfield code="4">0</subfield>
    <subfield code="7">0</subfield>
    <subfield code="8">NFIC</subfield>
    <subfield code="a">RUCL</subfield>
    <subfield code="b">RUCL</subfield>
    <subfield code="c">GEN</subfield>
    <subfield code="d">2013-07-31</subfield>
    <subfield code="e">Jatiya Shitya Prakash, Dhaka</subfield>
    <subfield code="g">175.00</subfield>
    <subfield code="o">B 929.2 KHB 2013 </subfield>
    <subfield code="r">2016-04-06 00:00:00</subfield>
    <subfield code="t">C-3</subfield>
    <subfield code="y">BK</subfield>
  </datafield>
  <datafield tag="952" ind1=" " ind2=" ">
    <subfield code="0">0</subfield>
    <subfield code="1">0</subfield>
    <subfield code="2">ddc</subfield>
    <subfield code="4">0</subfield>
    <subfield code="7">0</subfield>
    <subfield code="8">NFIC</subfield>
    <subfield code="a">RUCL</subfield>
    <subfield code="b">RUCL</subfield>
    <subfield code="c">GEN</subfield>
    <subfield code="d">2022-01-24</subfield>
    <subfield code="e">Jatiya Sahitya Prakash, Dhaka</subfield>
    <subfield code="g">140.00</subfield>
    <subfield code="l">0</subfield>
    <subfield code="o">B 929.2 KHB 2013 </subfield>
    <subfield code="r">2022-03-02 00:00:00</subfield>
    <subfield code="t">C-4</subfield>
    <subfield code="w">2022-03-02</subfield>
    <subfield code="y">BK</subfield>
  </datafield>
  <datafield tag="952" ind1=" " ind2=" ">
    <subfield code="0">0</subfield>
    <subfield code="1">0</subfield>
    <subfield code="2">ddc</subfield>
    <subfield code="4">0</subfield>
    <subfield code="7">0</subfield>
    <subfield code="8">NFIC</subfield>
    <subfield code="a">RUCL</subfield>
    <subfield code="b">RUCL</subfield>
    <subfield code="c">GEN</subfield>
    <subfield code="d">2022-01-24</subfield>
    <subfield code="e">Jatiya Sahitya Prakash, Dhaka</subfield>
    <subfield code="g">140.00</subfield>
    <subfield code="l">0</subfield>
    <subfield code="o">B 929.2 KHB 2013 </subfield>
    <subfield code="r">2022-03-02 00:00:00</subfield>
    <subfield code="t">C-5</subfield>
    <subfield code="w">2022-03-02</subfield>
    <subfield code="y">BK</subfield>
  </datafield>
</record>
